Detalles MARC
| 000 -LEADER |
| fixed length control field |
01250nam a2200301 a 4500 |
| 001 - CONTROL NUMBER |
| control field |
000029423 |
| 003 - CONTROL NUMBER IDENTIFIER |
| control field |
DO-SdBNP |
| 005 - DATE AND TIME OF LATEST TRANSACTION |
| control field |
20250612124738.0 |
| 007 - PHYSICAL DESCRIPTION FIXED FIELD--GENERAL INFORMATION |
| fixed length control field |
000029423 |
| 008 - FIXED-LENGTH DATA ELEMENTS--GENERAL INFORMATION |
| fixed length control field |
110415s1992 dr a 000 0 spa d |
| 040 ## - CATALOGING SOURCE |
| Original cataloging agency |
BPMSU |
| Language of cataloging |
spa |
| Transcribing agency |
BPMSU |
| 082 #4 - DEWEY DECIMAL CLASSIFICATION NUMBER |
| Edition number |
|
| Classification number |
RD863.42 |
| Item number |
H519t, 1992 |
| 100 1# - MAIN ENTRY--PERSONAL NAME |
| Personal name |
Henríquez Ureña, Pedro, |
| Dates associated with a name |
1884-1946. |
| 245 10 - TITLE STATEMENT |
| Title |
3 Cuentos de Pedro Henríquez Ureña / |
| Statement of responsibility, etc. |
Pedro Henríquez Ureña ; edición Josefina de la Cruz y Diógenes Valdez. |
| 246 20 - VARYING FORM OF TITLE |
| Title proper/short title |
Tres cuentos de Pedro Henríquez Ureña |
| 250 ## - EDITION STATEMENT |
| Edition statement |
2ª ed. |
| 260 ## - PUBLICATION, DISTRIBUTION, ETC. (IMPRINT) |
| Place of publication, distribution, etc. |
Santo Domingo : |
| Name of publisher, distributor, etc. |
Secretaría de Estado de Educación, Bellas Artes y Cultos : |
| -- |
Taller, |
| Date of publication, distribution, etc. |
1992. |
| 300 ## - PHYSICAL DESCRIPTION |
| Extent |
73 p. : |
| Other physical details |
il. ; |
| Dimensions |
27 cm. |
| 505 0# - FORMATTED CONTENTS NOTE |
| Miscellaneous information |
Prólogo a la edición de octubre de 1992 / |
| Statement of responsibility |
Élida Jiménez -- |
| Title |
Pedro Henríquez Ureña propone utopía en Cuentos de la Nana Lupe / |
| Statement of responsibility |
Josefina de la Cruz -- |
| Title |
En los volcanes -- |
| -- |
En Jauja -- |
| -- |
Con las brujas. |
| 650 #4 - SUBJECT ADDED ENTRY--TOPICAL TERM |
| Topical term or geographic name as entry element |
CUENTOS DOMINICANOS |
| 650 #4 - SUBJECT ADDED ENTRY--TOPICAL TERM |
| Topical term or geographic name as entry element |
LITERATURA DOMINICANA |
| 700 1# - ADDED ENTRY--PERSONAL NAME |
| Personal name |
Cruz, Josefina de la, |
| Relator term |
ed. |
| 700 1# - ADDED ENTRY--PERSONAL NAME |
| Personal name |
Valdez, Diógenes, |
| Dates associated with a name |
1941-, |
| Relator term |
ed. |
| 910 ## - USER-OPTION DATA (OCLC) |
| User-option data |
Validado. Control de calidad EMS |
| 942 ## - ADDED ENTRY ELEMENTS (KOHA) |
| Source of classification or shelving scheme |
Dewey Decimal Classification |
| Koha item type |
Libros |
| 945 ## - LOCAL PROCESSING INFORMATION (OCLC) |
| a |
Inventariado infantil / 2017 VM |
| 956 ## - LOCAL ELECTRONIC LOCATION AND ACCESS (OCLC) |
| Host name |
VMATEO |
| Access number |
10 |
| Compression information |
20120520 |
| Logon |
BPMSU |
| Processor of request |
0069 |